Statistics for Yugoslavia country quiz #2

Click here to take the quiz!

General Stats

  • This quiz has been taken 722 times
  • The average score is 12 of 22

Answer Stats

HintAnswer% Correct
Muslim
94%
First Yugoslav country to enter EUSlovenia
89%
Major religionsEastern Orthodox
83%
Roman Catholic
83%
Socialist Autonomous Provinces in SerbiaKosovo
78%
Bordering seaAdriatic
73%
Peninsula were country was mostly locatedBalkan
73%
Capitals of abovePristina
64%
Year of German, Italian and Hungarian invasion1941
63%
Soutern Croatian regionDalmatia
61%
Vojvodina
59%
Famous tourist destination in that regionDubrovnik
56%
Capital of Republika SrpskaBanja Luka
55%
Football club that won the Champions LeagueRed star Belgrade
54%
Country name in its own languageJugoslavija
51%
Novi sad
50%
Croatian region that borders SerbiaSlavonia
37%
Territories acquired from Italy in 1946Istria
36%
Name of the country in 1918Kingdom of Serbs, Croats and Slovenes
35%
Rijeka
19%
Zadar
18%
First country to recognize its independenceNorway
6%

Score Distribution

Percentile by Number Answered

Percent of People with Each Score

Your Score History

You have not taken this quiz